000 00227nam a22000857a 4500
008 160816b xxu||||| |||| 00| 0 eng d
100 _9134
_aVerma P.S
245 _aBiology-IX
_bPart-III
260 _aNew Delhi
_bS.Chand publication
_c2011
999 _c2789
_d2789